[Event "Niedersachsen-ch op-A"]
[Site "Verden"]
[Date "2014.01.04"]
[Round "5"]
[White "Hoppenburg, Jannik"]
[Black "Albrecht, Carsten"]
[Result "1/2-1/2"]
[WhiteElo "1802"]
[BlackElo "1928"]
[PlyCount "56"]
[EventDate "2014.01.02"]
[EventType "swiss"]
[EventRounds "7"]
[EventCountry "GER"]
[SourceTitle "EXT 2016"]
[Source "ChessBase"]
[SourceDate "2015.10.08"]
[SourceVersion "1"]
[SourceVersionDate "2015.10.08"]
[SourceQuality "1"]

1. e4 e6 2. d4 d5 3. Nc3 Bb4 4. a3 Bxc3+ 5. bxc3 Ne7 6. Bd3 c5 7. Nf3 Nd7 8. e5 c4 9. Be2 Nf5 10. 0-0 h6 11. h3 Nf8 12. Nh2 Bd7 13. Bg4 Ng6 14. Bxf5 exf5 15. Qf3 Be6 16. Re1 0-0 17. Rb1 Qd7 18. Nf1 Rab8 19. Ng3 Kh7 20. Nh5 Qe7 21. g3 b6 22. a4 a6 23. Ra1 Rg8 24. Ba3 Qg5 25. Kh2 f4 26. Nxf4 Nxf4 27. Qxf4 Qxf4 28. gxf4 Bf5 1/2-1/2

[Event "Niedersachsen-ch op"]
[Site "Verden"]
[Date "2011.01.05"]
[Round "7"]
[White "Rinck, Klaus"]
[Black "Albrecht, Carsten"]
[Result "1-0"]
[WhiteElo "1553"]
[BlackElo "1941"]
[PlyCount "48"]
[EventDate "2011.01.02"]
[EventType "swiss"]
[EventRounds "7"]
[EventCountry "GER"]
[SourceTitle "EXT 2018"]
[Source "ChessBase"]
[SourceDate "2017.10.13"]
[SourceVersion "1"]
[SourceVersionDate "2017.10.13"]
[SourceQuality "1"]

1. e4 d5 2. exd5 Qxd5 3. Nc3 Qd6 4. d4 Nf6 5. Nf3 a6 6. g3 b5 7. Bg2 Bb7 8. 0-0 e6 9. Bf4 Qb6 10. a4 b4 11. a5 Qa7 12. Na4 Nd5 13. Bd2 Nd7 14. c4 bxc3 15. bxc3 Be7 16. c4 N5f6 17. Be3 c5 18. Rb1 Rd8 19. dxc5 Bxc5 20. Nxc5 Nxc5 21. Qc1 0-0 22. Bxc5 Qxc5 23. Rxb7 Qxa5 24. Qa1 Rc8 1-0

[Event "Niedersachsen-ch op"]
[Site "Verden"]
[Date "2011.01.03"]
[Round "3"]
[White "Tautz, Felix"]
[Black "Albrecht, Carsten"]
[Result "1/2-1/2"]
[WhiteElo "1759"]
[BlackElo "1941"]
[PlyCount "53"]
[EventDate "2011.01.02"]
[EventType "swiss"]
[EventRounds "7"]
[EventCountry "GER"]
[SourceTitle "EXT 2018"]
[Source "ChessBase"]
[SourceDate "2017.10.13"]
[SourceVersion "1"]
[SourceVersionDate "2017.10.13"]
[SourceQuality "1"]

1. d4 d5 2. c4 e6 3. Nf3 Nf6 4. g3 Bb4+ 5. Bd2 Bxd2+ 6. Nbxd2 0-0 7. Bg2 b6 8. 0-0 Bb7 9. Rc1 Nbd7 10. Qb3 c5 11. dxc5 Nxc5 12. Qa3 a5 13. cxd5 Bxd5 14. Rfd1 Qb8 15. Nc4 Rc8 16. Ne3 Be4 17. Nd4 Bxg2 18. Kxg2 Qb7+ 19. Kg1 Nce4 20. Nb5 Rxc1 21. Rxc1 Rc8 22. Rxc8+ Qxc8 23. Nd6 Qc1+ 24. Kg2 Qc6 25. Nxe4 Nxe4 26. f3 Nd6 27. Qd3 1/2-1/2

[Event "Niedersachsen-ch op"]
[Site "Verden"]
[Date "2011.01.02"]
[Round "2"]
[White "Albrecht, Carsten"]
[Black "Hebbinghaus, Holger"]
[Result "0-1"]
[WhiteElo "1941"]
[BlackElo "2219"]
[PlyCount "80"]
[EventDate "2011.01.02"]
[EventType "swiss"]
[EventRounds "7"]
[EventCountry "GER"]
[SourceTitle "EXT 2018"]
[Source "ChessBase"]
[SourceDate "2017.10.13"]
[SourceVersion "1"]
[SourceVersionDate "2017.10.13"]
[SourceQuality "1"]

1. d4 d5 2. Nf3 Nc6 3. Bf4 Bg4 4. Nbd2 e6 5. c3 Bd6 6. Bxd6 cxd6 7. e4 dxe4 8. Nxe4 Nf6 9. Nxf6+ Qxf6 10. Be2 Bxf3 11. Bxf3 d5 12. 0-0 0-0 13. Re1 Rfc8 14. Qd3 Rab8 15. Bd1 b5 16. a3 a5 17. Bc2 g6 18. Re3 b4 19. Ba4 bxc3 20. bxc3 Qd8 21. h3 Ne7 22. Qa6 Rb6 23. Qf1 Nf5 24. Rd3 Nd6 25. f3 Rc4 26. Qd1 Qb8 27. Bc2 Rc7 28. Rb1 Rxb1 29. Bxb1 Nc4 30. Qc1 Nxa3 31. Ba2 Nc4 32. Rd1 Rc8 33. Bxc4 Rxc4 34. Qa3 a4 35. Rc1 Kg7 36. Ra1 h5 37. Rc1 h4 38. Qe7 Qf4 39. Qa3 Qe3+ 40. Kh1 Rxd4 0-1

[Event "Niedersachsen-ch op"]
[Site "Verden"]
[Date "2011.01.02"]
[Round "1"]
[White "Cegielka, Michael"]
[Black "Albrecht, Carsten"]
[Result "0-1"]
[WhiteElo "1271"]
[BlackElo "1941"]
[PlyCount "80"]
[EventDate "2011.01.02"]
[EventType "swiss"]
[EventRounds "7"]
[EventCountry "GER"]
[SourceTitle "EXT 2018"]
[Source "ChessBase"]
[SourceDate "2017.10.13"]
[SourceVersion "1"]
[SourceVersionDate "2017.10.13"]
[SourceQuality "1"]

1. e4 d5 2. exd5 Qxd5 3. Nc3 Qd6 4. Nf3 Nf6 5. Bc4 a6 6. 0-0 e6 7. d4 b5 8. Be2 Bb7 9. Be3 Nbd7 10. Qd2 c5 11. Bf4 Qc6 12. dxc5 Bxc5 13. Rfd1 0-0 14. Be3 Rac8 15. Bxc5 Qxc5 16. Qd4 b4 17. Qxc5 Rxc5 18. Na4 Rxc2 19. Nd4 Rc7 20. Rac1 Rfc8 21. Rxc7 Rxc7 22. h3 Kf8 23. a3 bxa3 24. bxa3 g6 25. Nf3 Nd5 26. Ng5 Nf4 27. Bf1 h6 28. Nf3 Bxf3 29. gxf3 Ne5 30. Bg2 Ke7 31. Nb2 Rc2 32. Rb1 Rc3 33. Ra1 Nxf3+ 34. Bxf3 Rxf3 35. h4 Nh3+ 36. Kg2 Rxf2+ 37. Kxh3 Rxb2 38. Rc1 Rb3+ 39. Kg2 Rxa3 40. Rc7+ Kf6 0-1

[Event "Niedersachsen-ch open"]
[Site "Verden"]
[Date "2010.01.05"]
[Round "6.32"]
[White "Wolf, Fritjof"]
[Black "Albrecht, Carsten"]
[Result "1/2-1/2"]
[WhiteElo "1909"]
[BlackElo "1948"]
[PlyCount "79"]
[EventDate "2010.01.03"]
[EventType "swiss"]
[EventRounds "7"]
[EventCountry "GER"]
[SourceTitle "EXT 2012"]
[Source "ChessBase"]
[SourceDate "2011.11.24"]
[SourceVersion "1"]
[SourceVersionDate "2011.11.24"]
[SourceQuality "1"]

1. d4 Nf6 2. c4 e6 3. Nf3 d5 4. Bg5 Be7 5. Nc3 h6 6. Bh4 0-0 7. e3 b6 8. cxd5 Nxd5 9. Nxd5 Bxh4 10. Nxh4 Qxd5 11. Nf3 Nd7 12. Be2 Qa5+ 13. Qd2 Qxd2+ 14. Kxd2 Bb7 15. Rhd1 c5 16. Ke1 Rac8 17. dxc5 Nxc5 18. b4 Bxf3 19. Bxf3 Na4 20. Rd7 a5 21. bxa5 bxa5 22. Ra7 Rc5 23. a3 Nc3 24. Rc1 Rfc8 25. Rc2 Kf8 26. Rb2 R8c7 27. Rb8+ Ke7 28. Rc8 Nb5 29. Rcxc7+ Nxc7 30. a4 Kd6 31. Kd2 e5 32. g4 g6 33. Rb7 Rc4 34. Bd1 f5 35. f3 fxg4 36. fxg4 g5 37. Rb8 Rc6 38. Bf3 Rc4 39. Bd1 Rc6 40. Bf3 1/2-1/2

[Event "Niedersachsen-ch open"]
[Site "Verden"]
[Date "2010.01.04"]
[Round "4.28"]
[White "Belakhin, Alexander"]
[Black "Albrecht, Carsten"]
[Result "1/2-1/2"]
[WhiteElo "1864"]
[BlackElo "1948"]
[PlyCount "51"]
[EventDate "2010.01.03"]
[EventType "swiss"]
[EventRounds "7"]
[EventCountry "GER"]
[SourceTitle "EXT 2012"]
[Source "ChessBase"]
[SourceDate "2011.11.24"]
[SourceVersion "1"]
[SourceVersionDate "2011.11.24"]
[SourceQuality "1"]

1. d4 Nf6 2. c4 e6 3. Nf3 d5 4. Bg5 Be7 5. Nc3 h6 6. Bh4 0-0 7. e3 b6 8. Rc1 Bb7 9. Bxf6 Bxf6 10. cxd5 exd5 11. Bd3 Re8 12. 0-0 c6 13. Ne2 Nd7 14. Ng3 Rc8 15. Bb1 g6 16. Qa4 a5 17. Rfe1 c5 18. h3 Bg7 19. Qd1 cxd4 20. Rxc8 Qxc8 21. exd4 Rxe1+ 22. Qxe1 Kf8 23. Bd3 Ba6 24. Bxa6 Qxa6 25. Ne2 Qd3 26. Kf1 1/2-1/2

[Event "Niedersachsen-ch open"]
[Site "Verden"]
[Date "2010.01.03"]
[Round "2.27"]
[White "Guennigmann, Manuel"]
[Black "Albrecht, Carsten"]
[Result "1-0"]
[WhiteElo "2164"]
[BlackElo "1948"]
[PlyCount "55"]
[EventDate "2010.01.03"]
[EventType "swiss"]
[EventRounds "7"]
[EventCountry "GER"]
[SourceTitle "EXT 2012"]
[Source "ChessBase"]
[SourceDate "2011.11.24"]
[SourceVersion "1"]
[SourceVersionDate "2011.11.24"]
[SourceQuality "1"]

1. e4 d5 2. exd5 Nf6 3. d4 Qxd5 4. Nc3 Qd6 5. Nf3 a6 6. g3 b5 7. Bg2 Bb7 8. 0-0 e6 9. Bf4 Qb6 10. a4 b4 11. a5 Qa7 12. Na4 Nd5 13. Bd2 Nd7 14. c4 bxc3 15. bxc3 Be7 16. c4 N5f6 17. Be3 Qb8 18. Rb1 Qc8 19. Nc3 Ne4 20. Rxb7 Qxb7 21. Nxe4 Rb8 22. Ne5 Qb3 23. Qg4 g6 24. Nxd7 Kxd7 25. Nc5+ Bxc5 26. dxc5 Ke7 27. Bg5+ f6 28. Bh3 1-0

[Event "Niedersachsen-ch op"]
[Site "Verden"]
[Date "2009.01.05"]
[Round "5"]
[White "Albrecht, Carsten"]
[Black "Tenninger, Joerg"]
[Result "1/2-1/2"]
[WhiteElo "1973"]
[BlackElo "1518"]
[PlyCount "59"]
[EventDate "2009.01.03"]
[EventType "swiss"]
[EventRounds "7"]
[EventCountry "GER"]
[SourceTitle "EXT 2012"]
[Source "ChessBase"]
[SourceDate "2011.11.24"]
[SourceVersion "1"]
[SourceVersionDate "2011.11.24"]
[SourceQuality "1"]

1. d4 d5 2. Nf3 Nf6 3. e3 e6 4. Bd3 c5 5. c3 h6 6. 0-0 Be7 7. Nbd2 0-0 8. dxc5 Bxc5 9. e4 Nc6 10. Qe2 d4 11. Nb3 Bb6 12. cxd4 Nxd4 13. Nbxd4 Bxd4 14. Rd1 e5 15. Nxd4 Qxd4 16. Be3 Qb4 17. a3 Qa4 18. f3 Be6 19. Rac1 Rac8 20. Rxc8 Rxc8 21. Rc1 Rxc1+ 22. Bxc1 a6 23. Be3 Qc6 24. Qc2 Qd6 25. Kf2 Bd7 26. Bc5 Qb8 27. Qb3 Be6 28. Qc3 Nd7 29. Be3 f6 30. g3 1/2-1/2

[Event "Goch op 19th"]
[Site "Goch"]
[Date "2008.10.10"]
[Round "3"]
[White "Vogel, Jaap"]
[Black "Albrecht, Carsten"]
[Result "1/2-1/2"]
[WhiteElo "2233"]
[BlackElo "1973"]
[PlyCount "37"]
[EventDate "2008.10.09"]
[EventType "swiss"]
[EventRounds "7"]
[EventCountry "GER"]
[SourceTitle "EXT 2011"]
[Source "ChessBase"]
[SourceDate "2010.11.26"]
[SourceVersion "1"]
[SourceVersionDate "2010.11.26"]
[SourceQuality "1"]

1. Nf3 d5 2. d4 Nf6 3. c4 e6 4. Nc3 Be7 5. g3 0-0 6. Bg2 Nbd7 7. cxd5 exd5 8. 0-0 c6 9. Qc2 Re8 10. Bf4 Nf8 11. a3 Bd6 12. Bxd6 Qxd6 13. b4 a6 14. e3 Ng6 15. Na4 Bg4 16. Nc5 Re7 17. Rfc1 h5 18. h4 Rae8 19. Re1 1/2-1/2

[Event "Goch op 19th"]
[Site "Goch"]
[Date "2008.10.09"]
[Round "1"]
[White "Saulin, Dmitri"]
[Black "Albrecht, Carsten"]
[Result "1-0"]
[WhiteElo "2461"]
[BlackElo "1973"]
[PlyCount "49"]
[EventDate "2008.10.09"]
[EventType "swiss"]
[EventRounds "7"]
[EventCountry "GER"]
[SourceTitle "EXT 2011"]
[Source "ChessBase"]
[SourceDate "2010.11.26"]
[SourceVersion "1"]
[SourceVersionDate "2010.11.26"]
[SourceQuality "1"]

1. e4 d5 2. exd5 Qxd5 3. Nc3 Qd6 4. d4 Nf6 5. Nf3 a6 6. Be3 b5 7. Bd3 Bb7 8. 0-0 e6 9. Ng5 Nbd7 10. a4 b4 11. Nce4 Nxe4 12. Nxe4 Bxe4 13. Bxe4 Rd8 14. Qf3 Be7 15. Bf4 Qb6 16. a5 Qa7 17. Qg3 Qxd4 18. Bxc7 Qxe4 19. Bxd8 Bxd8 20. Rfd1 Qe5 21. Qd3 Qc7 22. Qxa6 0-0 23. Qd6 Nc5 24. a6 Qxd6 25. Rxd6 1-0

[Event "Niedersachsen-ch"]
[Site "Verden"]
[Date "2008.01.04"]
[Round "4"]
[White "Albrecht, Carsten"]
[Black "Tenninger, Marc"]
[Result "1/2-1/2"]
[WhiteElo "1980"]
[BlackElo "1746"]
[PlyCount "53"]
[EventDate "2008.01.03"]
[EventType "swiss"]
[EventRounds "7"]
[EventCountry "GER"]
[SourceTitle "EXT 2010"]
[Source "ChessBase"]
[SourceDate "2010.11.25"]
[SourceVersion "1"]
[SourceVersionDate "2010.11.25"]
[SourceQuality "1"]

1. d4 d5 2. Nf3 Nf6 3. e3 e6 4. Bd3 Be7 5. 0-0 0-0 6. Nbd2 c6 7. e4 dxe4 8. Nxe4 Nbd7 9. c3 Nxe4 10. Bxe4 Nf6 11. Bc2 c5 12. dxc5 Bxc5 13. Bg5 Be7 14. Qxd8 Rxd8 15. Rfd1 Bd7 16. Ne5 Bc6 17. Nxc6 bxc6 18. Ba4 c5 19. Bf4 Rxd1+ 20. Rxd1 Rd8 21. Rxd8+ Bxd8 22. f3 Nd5 23. Bd2 Bb6 24. Kf1 Kf8 25. Ke2 Bc7 26. g3 h5 27. Be3 1/2-1/2

[Event "Niedersachsen-ch op"]
[Site "Verden"]
[Date "2007.01.05"]
[Round "4"]
[White "Albrecht, Carsten"]
[Black "Bauland, Thomas"]
[Result "1/2-1/2"]
[WhiteElo "1809"]
[BlackElo "1931"]
[PlyCount "86"]
[EventDate "2007.01.04"]
[EventType "swiss"]
[EventRounds "7"]
[EventCountry "GER"]
[SourceTitle "EXT 2021"]
[Source "ChessBase"]
[SourceDate "2020.10.23"]
[SourceVersion "1"]
[SourceVersionDate "2020.10.23"]
[SourceQuality "1"]

1. d4 Nf6 2. Nf3 e6 3. e3 b6 4. Bd3 Bb7 5. Nbd2 c5 6. c3 d5 7. 0-0 Nbd7 8. Qe2 Ne4 9. Ne5 Nxd2 10. Bxd2 Nxe5 11. dxe5 Qc7 12. f4 0-0-0 13. Rfd1 f5 14. exf6 gxf6 15. e4 Bd6 16. g3 Rdg8 17. Rf1 h5 18. exd5 exd5 19. Qf3 Kb8 20. b4 c4 21. Bf5 d4 22. Be4 d3 23. Bxb7 Qxb7 24. Qxb7+ Kxb7 25. Rfe1 h4 26. Kg2 Rh6 27. Re6 hxg3 28. hxg3 Rgh8 29. Rxd6 Rh2+ 30. Kf3 Rxd2 31. Re1 Rxa2 32. b5 Rc8 33. Rxf6 Rc7 34. Re8 Rd7 35. Rff8 Ra1 36. Rb8+ Kc7 37. Rfc8+ Kd6 38. Rc6+ Ke7 39. Rh8 Re1 40. Rcc8 Kf6 41. Rhf8+ Rf7 42. Rfd8 Rfe7 43. Rxc4 R1e3+ 1/2-1/2

[Event "Niedersachsen-ch"]
[Site "Verden"]
[Date "2006.01.06"]
[Round "3"]
[White "Schulz, Jens"]
[Black "Albrecht, Carsten"]
[Result "1/2-1/2"]
[WhiteElo "1453"]
[BlackElo "1757"]
[PlyCount "45"]
[EventDate "2006.01.??"]
[EventType "swiss"]
[EventRounds "7"]
[EventCountry "GER"]
[SourceTitle "CBM 110 Extra"]
[Source "ChessBase"]
[SourceDate "2006.03.10"]
[SourceVersion "2"]
[SourceVersionDate "2006.03.10"]
[SourceQuality "1"]

1. e4 c6 2. d4 d5 3. Nc3 dxe4 4. Nxe4 Bf5 5. Bd3 Bxe4 6. Bxe4 Nf6 7. Bf3 e6 8. Ne2 Bd6 9. 0-0 Nbd7 10. c3 Qc7 11. g3 0-0-0 12. b4 e5 13. Be3 Nb6 14. Qb3 h5 15. c4 exd4 16. Bxd4 Be5 17. Bxe5 Qxe5 18. Rfe1 Qf5 19. Rad1 Rxd1 20. Rxd1 h4 21. Nd4 Qg5 22. c5 Nbd5 23. b5 1/2-1/2